|
|
|
|
| LEADER |
02854nam a2200709 i 4500 |
| 001 |
nkc20152752432 |
| 003 |
CZ PrNK |
| 005 |
20160113130619.0 |
| 007 |
ta |
| 008 |
151126s2015 xr a f 001 0 cze |
| 015 |
|
|
|a cnb002752432
|
| 020 |
|
|
|a 978-80-7239-323-7
|q (brožováno)
|
| 035 |
|
|
|a (OCoLC)934901329
|
| 040 |
|
|
|a ABA001
|b cze
|e rda
|
| 041 |
0 |
|
|a cze
|b eng
|
| 043 |
|
|
|a e-xr---
|a e-cs---
|
| 045 |
|
|
|a x4y1
|
| 072 |
|
7 |
|a 328
|x Zastupitelské orgány. Vlády. Politické systémy jednotlivých zemí
|2 Konspekt
|9 15
|
| 080 |
|
|
|a 328.185
|2 MRF
|
| 080 |
|
|
|a 328.188
|2 MRF
|
| 080 |
|
|
|a 321.74
|2 MRF
|
| 080 |
|
|
|a 316.323.7:316.42
|2 MRF
|
| 080 |
|
|
|a (437)
|2 MRF
|
| 080 |
|
|
|a (437.3)
|2 MRF
|
| 080 |
|
|
|a (048.8)
|2 MRF
|
| 100 |
1 |
|
|a Naxera, Vladimír,
|d 1986-
|7 pna2012681455
|4 aut
|
| 245 |
1 |
0 |
|a Korupce v komunistickém režimu a v průběhu postkomunistické transformace :
|b studie korupčních, klientelistických a patronážních jevů z prostředí Československa/České republiky /
|c Vladimír Naxera
|
| 246 |
3 |
0 |
|a Studie korupčních, klientelistických a patronážních jevů z prostředí Československa/České republiky
|
| 246 |
1 |
8 |
|a Korupce...
|
| 250 |
|
|
|a Vydání první
|
| 264 |
|
1 |
|a V Brně :
|b Doplněk,
|c 2015
|
| 300 |
|
|
|a 243 stran :
|b ilustrace ;
|c 21 cm
|
| 336 |
|
|
|a text
|b txt
|2 rdacontent
|
| 337 |
|
|
|a bez média
|b n
|2 rdamedia
|
| 338 |
|
|
|a svazek
|b nc
|2 rdacarrier
|
| 490 |
1 |
|
|a Společensko-ekologická edice ;
|v svazek 19
|
| 504 |
|
|
|a Obsahuje bibliografii, bibliografické odkazy a rejstřík
|
| 546 |
|
|
|a Anglické resumé
|
| 648 |
|
7 |
|a 1948-1989
|7 ch460661
|2 czenas
|
| 648 |
|
7 |
|a od 1989
|7 ch462156
|2 czenas
|
| 650 |
0 |
7 |
|a korupce
|7 ph121881
|2 czenas
|
| 650 |
0 |
7 |
|a klientelismus
|7 ph810329
|2 czenas
|
| 650 |
0 |
7 |
|a komunistický režim
|7 ph114960
|2 czenas
|
| 650 |
0 |
7 |
|a postkomunismus
|7 ph124401
|2 czenas
|
| 650 |
0 |
7 |
|a korupce
|7 ph121881
|z Československo
|y 1948-1989
|2 czenas
|
| 650 |
0 |
7 |
|a korupce
|7 ph121881
|z Česko
|y od 1989
|2 czenas
|
| 650 |
0 |
9 |
|a corrupt practices
|2 eczenas
|
| 650 |
0 |
9 |
|a clientelism
|2 eczenas
|
| 650 |
0 |
9 |
|a communist regime
|2 eczenas
|
| 650 |
0 |
9 |
|a post-communism
|2 eczenas
|
| 650 |
0 |
9 |
|a corrupt practices
|z Czechoslovakia
|y 1948-1989
|2 eczenas
|
| 650 |
0 |
9 |
|a corrupt practices
|z Czechia
|y 1989-
|2 eczenas
|
| 655 |
|
7 |
|a monografie
|7 fd132842
|2 czenas
|
| 655 |
|
9 |
|a monographs
|2 eczenas
|
| 830 |
|
0 |
|a Společensko-ekologická edice
|0 s
|
| 856 |
4 |
1 |
|u http://www.digitalniknihovna.cz/mzk/uuid/uuid:92edc4e0-6773-11ee-9ac7-5ef3fc9bb22f
|y Digitalizovaný dokument
|x NDK
|
| 910 |
2 |
|
|a BOA001
|b 2-1359.151
|
| 990 |
|
|
|a BK
|
| 995 |
|
|
|a 01
|
| 991 |
|
|
|b 201601
|c NOV
|
| 996 |
6 |
|
|b 2610655439
|c 2-1359.151
|l MZK
|r Sklad / do 1 hodiny
|n 0
|p p.v.
|w 001538301
|u 000010
|a 1
|e BOA001
|j MZK50
|s P
|
| 996 |
7 |
|
|b 2610655448
|c 2-1359.151
|l MZK
|r Sklad / do 1 hodiny
|n 6
|p p.v.
|w 001538301
|u 000020
|a 1
|e BOA001
|j MZK50
|s A
|